• 首页
  • 本馆介绍
  • 公告通知
  • 最新文献
  • 馆藏检索
  • 电子资源
  • 读者导购
  • 参考咨询
  • 我的图书馆
  • 登录
  • 详细信息显示
  • 放入我的书架
  • 预约/预借图书
  • 作者相关作品
  • 分类相关作品
  • 丛书相关作品
  • 出版社相关作品

书目信息

  • 表格格式
  • 工作单格式
  • 卡片格式
题名:
中国大地构造及其演化
    
 
作者: 黄汲清
分册:  
出版信息: 北京   科学出版社  1985
页数: 123页
开本: 24cm
丛书名:
单 册:
中图分类: P54
科图分类:
主题词: 构造地质学
电子资源:
ISBN:
000 00541nam0 2200181 450
001 202411149926080742
005 20241114105552.34
010    @d¥3.80
100    @a20241114d km y0chiy0120 ea
101 0  @achi
200 1  @a中国大地构造及其演化@AZhong Guo Da Di Gou Zao Ji Qi Yan Hua@f黄汲清@FHuang Ji Qing
210    @a北京@c科学出版社@d1985
215    @a123页@d24cm
606 0  @a构造地质学
690    @aP54@v4
701  0 @a黄汲清@AHuang Ji Qing
801  0 @aCN@b大连网信软件有限公司图书馆·11@c20241114
905    @aZUCC@b1439145@dP54@e189@f1
    
    中国大地构造及其演化/黄汲清.-北京:科学出版社,1985
    123页;24cm
    
    
    ISBN :¥3.80
    
●
相关链接 在E读中查询图书 在五车中查询图书 在当当中查询图书 在豆瓣中查询图书


正题名:中国大地构造及其演化     索取号:P54/189         预约/预借

序号 登录号 条形码 馆藏地/架位号 状态 备注
1 1439145   214391451   密集书库-资源管理系/ [索取号:P54/189] 在馆    
唐山师范学院图书馆 欢迎您!
大连网信软件有限公司© 版权所有